| 000 | 01085 a2200157 4500 | ||
|---|---|---|---|
| 003 | Nust | ||
| 005 | 20230406100802.0 | ||
| 040 | _cNust | ||
| 082 | _a954.19,MAH | ||
| 245 |
_aThe Pakistan Military Academy / _cDedicated to the PMA |
||
| 260 |
_aPakistan Military Acdemy, _c2004 |
||
| 300 | _a274:p | ||
| 505 | _aGenesis of the Academy (Page-1), The Early Days (Page-5), Off to a Dusty Start (Page-12), The Inauguration (Page-27), Awards and Extra-curricular Activities (Page-41), End of an Era (Page-51), Years of Consolidation (Page-59), Critical Years (Page-85), Revival of the Old System (Page-108), Preservation of Heritage (Page-118), Sports in Focus (Page-126), Reorganization (Page-134), Inauguration of Academic Complex (Page-149), Traditions Revisited (Page-154), Innovative Concept (Page-160), Review of Curriculum (Page-169), Golden Jubilee (Page-173), Shifting of the 3rd Pakistan Battalion (Page-180), Into the New Millennium (Page-189), Quality Regime (Page-205), Epilogue (Page-227). | ||
| 650 |
_aThe Pakistan Military Academy _9111755 |
||
| 942 |
_2ddc _cBK _k954.19,MAH |
||
| 999 |
_c187408 _d187408 |
||